Europejskie państwa, których stolice nie mają litery "a" - Statystyki

Ogólne statystyki
  • Ten quiz został rozwiązany 2 805 razy
  • Średni wynik to 13 z 15
Statystyki odpowiedzi
Państwo % Poprawnych
Niemcy
94%
Norwegia
92%
Włochy
92%
Szwecja
90%
Finlandia
89%
Litwa
89%
Ukraina
88%
Wielka Brytania
88%
Białoruś
86%
Austria
82%
Irlandia
82%
Luksemburg
81%
Szwajcaria
79%
Mołdawia
76%
Macedonia Północna
75%
Nie znaleziono quizów pasujących do podanych kryteriów
Rozkład punktacji
Procent ludzi z każdym wynikiem
Percentyl według liczby udzielonych odpowiedzi
Twoja historia wyników
Nie rozwiązałeś tego quizu